000 00261nam a2200109Ia 4500
008 190912s9999||||xx |||||||||||||| ||und||
100 _aKramer , Tyler
245 0 _aTrust In Organizations
260 _aLondon
_bPrentice Hall
_c1996
300 _a429
942 _cBK
999 _c7751
_d7751